An introduction to Radiation Protection. (Record no. 5402)
[ view plain ]
| 000 -LEADER | |
|---|---|
| fixed length control field | 00553nam a22002057a 4500 |
| 003 - CONTROL NUMBER IDENTIFIER | |
| control field | OSt |
| 005 - DATE AND TIME OF LATEST TRANSACTION | |
| control field | 20161115135208.0 |
| 008 - FIXED-LENGTH DATA ELEMENTS--GENERAL INFORMATION | |
| fixed length control field | 161115b xxu||||| |||| 00| 0 eng d |
| 020 ## - INTERNATIONAL STANDARD BOOK NUMBER | |
| International Standard Book Number | 0412631105 |
| 040 ## - CATALOGING SOURCE | |
| Transcribing agency | DDC. |
| 082 ## - DEWEY DECIMAL CLASSIFICATION NUMBER | |
| Classification number | 539.2MAR 1996. |
| 100 ## - MAIN ENTRY--PERSONAL NAME | |
| Personal name | Martin,alan;Harbison,A.Samuel; |
| 9 (RLIN) | 11295 |
| 245 ## - TITLE STATEMENT | |
| Title | An introduction to Radiation Protection. |
| 250 ## - EDITION STATEMENT | |
| Edition statement | 4th ed. |
| 260 ## - PUBLICATION, DISTRIBUTION, ETC. (IMPRINT) | |
| Place of publication, distribution, etc. | London; |
| Name of publisher, distributor, etc. | Arnold, |
| Date of publication, distribution, etc. | 1996. |
| 300 ## - PHYSICAL DESCRIPTION | |
| Extent | x,230p; |
| Other physical details | ill: |
| Dimensions | 20cm. |
| 504 ## - BIBLIOGRAPHY, ETC. NOTE | |
| Bibliography, etc | includes bibliography and index. |
| 650 ## - SUBJECT ADDED ENTRY--TOPICAL TERM | |
| Topical term or geographic name as entry element | Radiation. |
| 9 (RLIN) | 7956 |
| 942 ## - ADDED ENTRY ELEMENTS (KOHA) | |
| Source of classification or shelving scheme | Dewey Decimal Classification |
| Koha item type | Open Shelf |
| Withdrawn status | Lost status | Source of classification or shelving scheme | Damaged status | Not for loan | Home library | Current library | Date acquired | Source of acquisition | Inventory number | Total Checkouts | Full call number | Barcode | Date last seen | Koha item type | Price effective from |
|---|---|---|---|---|---|---|---|---|---|---|---|---|---|---|---|
| Dewey Decimal Classification | MUST Main Library | MUST Main Library | 15/11/2016 | 04/21782 | 539.2MAR 1996. | 2016-4937 | 15/11/2016 | Open Shelf | |||||||
| Dewey Decimal Classification | MUST Main Library | MUST Main Library | 15/11/2016 | 03/19438 | 539.2MAR 1996. | 2016-4938 | 15/11/2016 | Open Shelf | |||||||
| Dewey Decimal Classification | MUST Main Library | MUST Main Library | 15/11/2016 | 03/20674 | 539.2MAR 1996. | 2016-4939 | 15/11/2016 | Open Shelf | |||||||
| Dewey Decimal Classification | MUST Main Library | MUST Main Library | 15/11/2016 | 03/19437 | 539.2MAR 1996. | 2016-4940 | 15/11/2016 | Open Shelf | |||||||
| Dewey Decimal Classification | MUST Main Library | MUST Main Library | 15/11/2016 | 04/21783 | 539.2MAR 1996. | 2016-4941 | 15/11/2016 | Open Shelf | |||||||
| Dewey Decimal Classification | MUST Main Library | MUST Main Library | 15/11/2016 | Purchase | 04/21781 | 539.2 MAR 1996. | 2016-4942 | 15/11/2016 | Open Shelf | ||||||
| Dewey Decimal Classification | MUST Main Library | MUST Main Library | 01/03/2017 | 04/22917 | 539.2MAR 1996. | 2017-0300 | 01/03/2017 | Open Shelf | 01/03/2017 | ||||||
| Dewey Decimal Classification | MUST Main Library | MUST Main Library | 14/04/2022 | Purchase | 04/22918 | 539.2 MAR 1996. | 2022-0656 | 14/04/2022 | Open Shelf | ||||||
| Dewey Decimal Classification | MUST Main Library | MUST Main Library | 19/06/2024 | Purchase | 03/20675 | 539.2MAR 1996. | 2024-20916 | 19/06/2024 | Open Shelf | 19/06/2024 |
